Introduction to nanoscience and nanotechnology / (Record no. 598103)
[ view plain ]
| 000 -LEADER | |
|---|---|
| fixed length control field | 00336nam a2200121Ia 4500 |
| 008 - FIXED-LENGTH DATA ELEMENTS--GENERAL INFORMATION | |
| fixed length control field | 230907s9999||||xx |||||||||||||| ||und|| |
| 082 ## - DEWEY DECIMAL CLASSIFICATION NUMBER | |
| Classification number | 620.5 |
| Author Mark | BIN |
| 100 ## - MAIN ENTRY--PERSONAL NAME | |
| Personal name | Binns, Chris, |
| 9 (RLIN) | 112466 |
| 245 #0 - TITLE STATEMENT | |
| Title | Introduction to nanoscience and nanotechnology / |
| 260 ## - PUBLICATION, DISTRIBUTION, ETC. | |
| Place of publication, distribution, etc. | Wiley, |
| Name of publisher, distributor, etc. | Hoboken, N.J. : |
| Date of publication, distribution, etc. | 2010 |
| 300 ## - PHYSICAL DESCRIPTION | |
| Extent | xvii, 301 p. : |
| 942 ## - ADDED ENTRY ELEMENTS (KOHA) | |
| Koha item type | Book |
| Withdrawn status | Lost status | Damaged status | Not for loan | Permanent Location | Current Location | Date acquired | Total Checkouts | Full call number | Barcode | Date last seen | Date last checked out | Price effective from | Koha item type |
|---|---|---|---|---|---|---|---|---|---|---|---|---|---|
| US-Pakistan Center for Advanced Studies in Energy (USPCAS-E) | Central Library (CL) | 06/06/2018 | 1 | 620.5 BIN | CAS-E0002202 | 10/19/2023 | 09/27/2023 | 09/12/2023 | Book |
